| 000 | 01440 a2200217 4500 | ||
|---|---|---|---|
| 003 | Nust | ||
| 005 | 20220802145919.0 | ||
| 010 | _a 2002027737 | ||
| 020 | _a81-297-0175-8 | ||
| 040 | _cNust | ||
| 082 | 0 | 0 | _a005.1,KAN |
| 100 | 1 |
_aKan, Stephen H. _996312 |
|
| 245 | 1 | 0 |
_aMetrics and models in software quality engineering / _cStephen H. Kan ; [foreword by Capers Jones]. |
| 250 | _a2nd ed. | ||
| 260 |
_aBoston : _bAddison-Wesley, _cc2003. |
||
| 300 |
_axxvii, 528 p. : _bill. ; _c24 cm. |
||
| 505 | _aWhat Is Software Quality (Page-1), Software Development Processes Models (Page-13), Fundamentals Of Measurement Theory (Page-55), Software Quality Matrices Overview (Page-85), Applying The Seven Basic Quality Tools In Software Development (Page-127), Defect Removal Effectiveness (Page-159), The Rayleigh Model (Page-187), Exponential Distribution And Reliability Growth Models (Page-207), Quality Management Models (Page-235), In-Process Metrics For Software Testing (Page-271), Complexity Metrics And Models (Page-311), Metrics And Lessons Learned For Object Oriented Projects (Page-331), Availability Metrics (Page-359), Conducting Software Project Assessments (Page-413), Using Function Points Metrics To Measure Software Process Improvement (Page-453). | ||
| 650 | 0 | 0 |
_aComputer software _xQuality control. _918053 |
| 856 | 4 | 1 |
_3Table of contents _uhttp://www.loc.gov/catdir/toc/fy033/2002027737.html |
| 942 |
_2ddc _cBK _k005.1,KAN |
||
| 999 |
_c176495 _d176495 |
||